| 000 | 00361nam a2200145Ia 4500 | ||
|---|---|---|---|
| 008 | 230917s9999||||xx |||||||||||||| ||und|| | ||
| 040 |
_e45166 _aMAIN |
||
| 041 | _aEnglish | ||
| 082 | _a339.2 H835M | ||
| 100 | _aHoward, MC | ||
| 245 | 0 | _aModerns theories of income distribution | |
| 260 |
_aLondon _bMacmillan _c1979 |
||
| 300 | _aviii, 199 p. | ||
| 942 | _cBK | ||
| 999 |
_c207984 _d207984 |
||